|
|
|
|
| LEADER |
01080nam a2200325 4500 |
| 001 |
DLU090098455 |
| 005 |
##20091201 |
| 040 |
# |
# |
|a DLU
|b eng
|
| 041 |
# |
# |
|a eng
|
| 044 |
# |
# |
|a us
|
| 245 |
# |
# |
|a Metabolic flux analysis for serine alkaline protease fermentation by Bacillus licheniformis in a defined medium : Effects of the oxygen transfer rate /
|c Pinar Calik ... [et al.].
|
| 653 |
# |
# |
|a Bacillus licheniformis
|
| 653 |
# |
# |
|a Metabolic flux analysis
|
| 653 |
# |
# |
|a Metabolic flux distributions
|
| 653 |
# |
# |
|a Oxygen transfer conditions
|
| 653 |
# |
# |
|a Serine alkaline protease
|
| 700 |
# |
# |
|a Calik, Guzide.
|
| 700 |
# |
# |
|a Calik, Pinar.
|
| 700 |
# |
# |
|a Ozdamar, Tuncer H.
|
| 700 |
# |
# |
|a Takac, Serpil.
|
| 773 |
# |
# |
|t Biotechnology and Bioengineering
|g Vol. 64, no. 2 (July 1999), p. 151-167
|
| 920 |
# |
# |
|a Phòng Tạp chí -- Trung tâm Thông tin - Thư viện Trường Đại học Đà Lạt
|
| 994 |
# |
# |
|a DLU
|
| 900 |
# |
# |
|a True
|
| 911 |
# |
# |
|a Trương Bảo Trâm Anh
|
| 925 |
# |
# |
|a G
|
| 926 |
# |
# |
|a A
|
| 927 |
# |
# |
|a BB
|
| 980 |
# |
# |
|a Thư viện Trường Đại học Đà Lạt
|